The most populous country, that ... - Statistics

General Stats
  • This quiz has been taken 3,641 times
  • The average score is 6 of 11
Answer Stats
Hint Answer % Correct
... starts with "A" Argentina
74%
... is an island country Indonesia
73%
Name the most populous country, that ... is a monarchy Japan
70%
... has exactly one border United Kingdom
66%
... has a Catholic majority Brazil
60%
... hasn't got an army Costa Rica
52%
... has never won an olympic gold medal Bangladesh
51%
... lies completely south of the tropic of capricorn New Zealand
43%
... is landlocked Ethiopia
37%
... once was a French colony (at least 50% of the area) Vietnam
37%
... has a capital city with a population less than 1 Million (urban area, biggest capital city counting) Myanmar
9%
No matching quizzes found
Score Distribution
Percent of People with Each Score
Percentile by Number Answered
Your Score History
You have not taken this quiz